| 000 | 00464nam a2200169Ia 4500 | ||
|---|---|---|---|
| 005 | 20250425162814.0 | ||
| 008 | 250425s9999 xx 000 0 und d | ||
| 020 | _a9781285859651 | ||
| 082 |
_a531.6 _pJAN |
||
| 100 | _aJanna, William S. | ||
| 245 | 0 |
_aDesign of fluid thermal systems _cWilliam S. Janna |
|
| 260 |
_aStamford _bCENGAGE LEARNING _c2015 |
||
| 300 |
_a640 p. _c23 cm. |
||
| 650 | _aSistemas Térmicos de Fluidos | ||
| 942 | _c01 | ||
| 010 | _a109337 | ||
| 999 |
_c236783 _d236783 |
||